| 000 | 00877nam a2200265 a 4500 | ||
|---|---|---|---|
| 001 | 14036 | ||
| 003 | BD-RjUL | ||
| 005 | 20211208235547.0 | ||
| 008 | 140203s1959 nyu 001 0 eng | ||
| 035 | _a(BD-RjUL)14088 | ||
| 040 |
_aDLC _cCarP _dBD-RjUL _beng |
||
| 041 | _aeng | ||
| 082 |
_a651 _bGRW 1959 _223 |
||
| 100 | 1 |
_aGrillo, Elmer V. [from old catalog] _943863 |
|
| 245 | 1 | 0 |
_aWork measurement in the office : _ba guide to office cost control / _cElmer V. Grillo and Charles J. Berg. |
| 260 |
_aNew York : _bMcGraw-Hill, _c1959. |
||
| 300 |
_a186 p. ; _c24 cm. |
||
| 490 | _aNoma series in office management. | ||
| 504 | _aIncludes index. | ||
| 650 | 0 |
_aWork Management _943864 |
|
| 650 | 0 |
_aOffice practice. _943865 |
|
| 700 | 1 |
_aBerg, Charles J., [from old catalog] _ejoint author. _943866 |
|
| 830 |
_aNoma series in office management. _9185302 |
||
| 942 |
_2ddc _cBK |
||
| 999 |
_c14036 _d14036 |
||